000 00456nam a22001817a 4500
003 MPLRDC
005 20220104124428.0
008 210129b ||||| |||| 00| 0 eng d
020 _a967-84-0351-X
082 _a859.6 XSBC v.1
100 _a陈彦编写; 国梁绘图
245 _a笨商人
_c
260 _a
_b大传出版有限公司
_c1987
300 _b
490 _a学生补充读物
650 _a儿童故事
942 _cBK
_o859.6 XSBC v.1
999 _c19253
_d19243